Performance Analysis of Computer Networks

This book covers performance analysis of computer networks, and begins by providing the necessary background in probability theory, random variables, and stochastic processes. Queuing theory and simulation are introduced as the major tools analysts have access to. It presents performance analysis on...

Full description

Bibliographic Details
Main Authors: Sadiku, Matthew N.O (Author), Musa, Sarhan M. (Author)
Corporate Author: SpringerLink (Online service)
Format: Electronic eBook
Language:English
Published: Cham : Springer International Publishing : Imprint: Springer, 2013.
Subjects:
Online Access:Full Text via HEAL-Link
LEADER 02405nam a22004215i 4500
001 978-3-319-01646-7
003 DE-He213
005 20151204180003.0
007 cr nn 008mamaa
008 131001s2013 gw | s |||| 0|eng d
020 |a 9783319016467  |9 978-3-319-01646-7 
024 7 |a 10.1007/978-3-319-01646-7  |2 doi 
040 |d GrThAP 
050 4 |a TK5105.5-5105.9 
072 7 |a UKN  |2 bicssc 
072 7 |a COM075000  |2 bisacsh 
082 0 4 |a 004.6  |2 23 
100 1 |a Sadiku, Matthew N.O.  |e author. 
245 1 0 |a Performance Analysis of Computer Networks  |h [electronic resource] /  |c by Matthew N.O. Sadiku, Sarhan M. Musa. 
264 1 |a Cham :  |b Springer International Publishing :  |b Imprint: Springer,  |c 2013. 
300 |a XIII, 279 p. 127 illus.  |b online resource. 
336 |a text  |b txt  |2 rdacontent 
337 |a computer  |b c  |2 rdamedia 
338 |a online resource  |b cr  |2 rdacarrier 
347 |a text file  |b PDF  |2 rda 
505 0 |a Introduction -- Probability and Random Variables -- Stochastic Processes -- Queueing Models -- Simulation -- Local Area Networks -- Metropolitan Area Networks -- Wide Area Networks -- Wireless Networks -- Self-Similarity of Network Traffic. 
520 |a This book covers performance analysis of computer networks, and begins by providing the necessary background in probability theory, random variables, and stochastic processes. Queuing theory and simulation are introduced as the major tools analysts have access to. It presents performance analysis on local, metropolitan, and wide area networks, as well as on wireless networks. It concludes with a brief introduction to self-similarity. Designed for a one-semester course for senior-year undergraduates and graduate engineering students, it may also serve as a fingertip reference for engineers developing communication networks, managers involved in systems planning, and researchers and instructors of computer communication networks. 
650 0 |a Computer science. 
650 0 |a Computer communication systems. 
650 1 4 |a Computer Science. 
650 2 4 |a Computer Communication Networks. 
700 1 |a Musa, Sarhan M.  |e author. 
710 2 |a SpringerLink (Online service) 
773 0 |t Springer eBooks 
776 0 8 |i Printed edition:  |z 9783319016450 
856 4 0 |u http://dx.doi.org/10.1007/978-3-319-01646-7  |z Full Text via HEAL-Link 
912 |a ZDB-2-SCS 
950 |a Computer Science (Springer-11645)